Spišská pieta osloboditeľom

Bibliographic Details
Main Author: Minďáš, Emil (Author)
Format: Article
Language:Slovak
Subjects:

MARC

LEADER 00000nab a2200000 a 4500
001 vtls001017874
003 SK-MaSNL
005 20260303035429.0
008 140402e20010000xo 0 slo
035 |a SN3823 
040 |a SNSK  |b slo  |c SNSK  |e AACR2 
041 0 |a slo 
044 |a xo  |c SK 
080 |a 725.94  |2 1981 
100 1 |a Minďáš, Emil  |4 aut  |9 398784 
245 1 0 |a Spišská pieta osloboditeľom 
650 0 7 |a pamätníky osloboditeľom  |2 SNSK  |9 1022145 
650 0 7 |a Pamätník oslobodenia okresu Spišská Nová Ves  |2 SNSK  |9 1022146 
650 0 7 |a pietne akty  |2 SNSK  |9 73266 
651 7 |a Spišská Nová Ves (Slovensko)  |2 SNSK  |9 28800 
773 0 8 |t Bojovník  |g Roč. 46, č.18 (2001), s. 8 
852 |a ZVYKNI  |b KIS3GCP 
999 |c 1677513  |d 1679443